00375 2200169 4500001002100000005001500021008004100036035001900077041000600096082000800102090001400110100002100124245001400145260001200159300002000171650001400191INLIS00000000000633020241224113254241224||||||||| | ||| |||| ||  0010-1224006330 a00 a310 a310 SIM b0 aA.o. Simangusong00astasistik aJakarta axi,21 hlm:25 cm 0astatistik